000 00626nas a2200229 4500
001 BR8807718
003 BR-BrBNA
005 20231205091425.0
007 ta
008 230509b bl.|||p| |||| 00| 00por d
040 _aBR-BrBNA
_bpor
_cBiblioteca Nacional de Agricultura
041 _a(Pt)
072 _aN20
100 1 _aAnon.
245 1 _aO reaproveitamento do pneu
650 _aCOMEDOURO
650 _aBEBEDOURO
650 _aEQUIPAMENTO DOMESTICO
773 0 _tBrasil Agricola (Brazil)
_xISSN 0102-8170
_g(1987), v. 1(7) p. 54-57
_wBR8807718
909 _a202311
_bLúcia
_c55
_dLúcia Elande
942 _2AGRIS
_n0
_cANA
999 _c124986
_d124986